000 01136cam a2200289 a 4500
999 _c332339
_d332339
001 205652
003 NUST
005 20171124142445.0
008 990714s2000 caua b 001 0 eng
010 _a 99065407
020 _a0123402751
040 _aDLC
_cDLC
_dDLC
050 0 0 _aTD193
_b.H46 2000
082 0 0 _a628.52 HEM
_221
100 1 _aHemond, Harold F.
_96783
245 1 0 _aChemical fate and transport in the environment /
_cHarold F. Hemond, Elizabeth J. Fechner-Levy.
250 _a2nd ed.
260 _aSan Diego :
_bAcademic Press,
_cc2000.
300 _axi, 433 p. :
_bill. ;
_c24 cm.
500 _aH.B
504 _aIncludes bibliographical references and index.
650 0 _aEnvironmental chemistry.
_9441
700 1 _aFechner-Levy, Elizabeth J.
_96784
856 4 2 _3Publisher description
_uhttp://www.loc.gov/catdir/description/els033/99065407.html
906 _a7
_bcbc
_corignew
_d2
_eopcn
_f19
_gy-gencatlg
942 _2ddc
_cBK
_kIESE